000 01154cam a2200241 4500
001 ##L135148
008 060929n2006 000 0 eng u
035 _a(Sirsi) u135148
041 0 _aeng
050 0 4 _a581.65 $2 18
110 2 _aEngland and Wales
_bEnvironment Agency
_92469
245 0 0 _aManaging Japanese knotweed on development sites
_bthe knotweed code of practice
260 _aLondon
_bEnvironment Agency
_c2006
520 _aThis new guide gives the latest techniques for managing Japanese knotweed on and removing it from development sites. Provides detailed information on treatments and the legal aspects of disposal. Replaces the May 2001 Environment Agency code.
590 _aIKA031006 NTK
650 2 4 _aWILDLIFE AND COUNTRYSIDE ACT 1981
650 2 4 _aENVIRONMENTAL PROTECTION ACT 1990 PART II
650 2 4 _aJAPANESE KNOTWEED
651 4 _aEngland and Wales
_y1543-
690 _aENVIRONMENTAL AND LAND CONSULTANCY-ENVIRONMENTAL MANAGEMENT
856 4 0 _uhttps://www.environment-agency.gov.uk/static/documents/Leisure/japnkot_1_a_1463028.pdf
_zView the code of practice free at www.environment-agency.gov.uk...
942 _n0
999 _c105929
_d105929